Rǧimen jurd̕ico de la etiqueta ecolg̤ica

Bibliographic Details
Main Author: Audiverti i Arau, Rafael
Format: Unknown
Language:Spanish
Published: Barcelona : Cedecs, 1996
Series:Derecho administrativo (Cedecs)
Subjects:
Online Access:Acceso restringido

MARC

LEADER 00000ny a22000003n 4500
005 20110616105817.0
008 970224s1996 sp 000 spa d
017 |a D.L.B41557-96 
020 |a 9788489171459 
035 |a 3321 
040 |a SpMaUCDE  |d vLex 
080 |a 349.6:347.772 
090 |c 751  |d 751 
100 1 |a Audiverti i Arau, Rafael 
245 1 0 |a Rǧimen jurd̕ico de la etiqueta ecolg̤ica  |h [Recurso electrn̤ico]  |c Rafael Audiverti i Arau 
256 |a Servicio en ln̕ea 
260 |a Barcelona :  |b Cedecs,  |c 1996 
300 |a 223 p. ;  |c 21 cm 
490 1 |a Derecho administrativo 
506 1 |a Contenido solo disponible en los productos indicados  |d vLex Global  |d vLex Global (Academic Edition, excluding Law Schools)  |d vLex Global (U.S. Academic Edition, Law Schools)  |d vLex Global (U.S. Academic Edition, excluding Law Schools)  |d vLex Global (Academic Edition, Law Schools) 
650 0 7 |a Ambiental  |2 Tesauro vLex 
650 0 7 |a Ecoetiquetas  |2 Tesauro vLex 
650 0 7 |a Calidad ambiental  |2 Tesauro vLex 
740 0 |a vLex Libros (Servicios en ln̕ea) 
830 0 |a Derecho administrativo (Cedecs) 
856 4 0 |u http://vlex.com/source/3321  |z Acceso restringido 
942 |c BOOK 
999 0 |a Environment  |b Barcelona